| 000 | 00671nam a2200193 i 4500 | ||
|---|---|---|---|
| 001 | 162670 | ||
| 003 | ES-MaACL | ||
| 005 | 20250830221256.0 | ||
| 008 | 980331s1876 sp |||| | spa d | ||
| 245 | 0 | 4 |
_aLos pueblos jóvenes _b: [la Australia-los Estados Unidos de América]. |
| 260 |
_aMadrid : _b[s.n.], _c1876 ( _fImp. C/ Pez 6) |
||
| 300 |
_a333 p. ; _c21 cm. |
||
| 490 | 1 | _aBiblioteca de La Nueva Prensa | |
| 651 | 4 |
_aEstados Unidos- _xDescripción _98538 |
|
| 651 | 4 |
_aAustralia- _xDescripción. _97840 |
|
| 830 | 1 |
_aBiblioteca de La Nueva Prensa _9222214 |
|
| 852 |
_aES-MaACL _jZ-196 _xOlim: G-7078 _d _z- Enc. pasta |
||
| 999 |
_c162670 _d162670 |
||